01403nam a2200325 a 4500001001000000003000500010005001700015008004100032010001100073011001100084040000900095090001000104100004300114245012700157260004100284500006000325502009700385590004100482590004000523590004000563650004000603650004600643856007000689901000700759942001000766942000600776999001900782952014000801952013600941000110975CHAP20220329144152.0141103s2014 mx a |sm |||||||spa d a107437 a108409 cCHAP aTesis1 aIslas Olguin, Tomás Emmanuel912872910aRediseño, construcción y prueba de una unidad móvil de monitoreoh[En línea]cpor Tomás Emmanuel Islas Olguín. aChapingo, Méx. :bEl autor,c2014. aPara ver el contenido del material haga clic en la liga aTesis (Ing. Mecanico Agrícola) -- UACH. Departamento de Ingeniería Mecánica Agrícola aE11695DGDb10c20141108lUCH01h1012 aE5652GLJb05c20141103lUCH01h1356 aE5652GLJb05c20141103lUCH01h135714aInnovaciones tecnológicas.95882914aRobotsxSistemas de infomación.9128756 aFinding aiduhttp://10.13.5.2/tesis/sist110975.pdfzTeclea aquí aBK cTESIS n0 c107437d107437 00102local4053708TESISaBCbBCcPA_TESISd2014-11-03fTESISl0oTesisp33724002428363r2019-12-31 00:00:00tc.2w2019-12-31yTESIS 00104054718TESISaBCbBCd2014-11-03fTESISl0oTesisp33724002428405r2019-12-31 00:00:00w2019-12-31yTESISzRecien adquirido